JoJo's Bizarre Adventure Stand Users - Statistics

General Stats
  • This quiz has been taken 2,352 times
  • The average score is 6 of 8
Answer Stats
Stand User % Correct
The World Dio
94%
Gold Experience Giorno Giovanna
94%
Hermit Purple Joseph Joestar
94%
Crazy Diamond Josuke Higashikata
94%
Star Platinum Jotaro Kujo
94%
Killer Queen Yoshikage Kira
92%
Heaven's Door Kishibe Rohan
91%
Sex Pistols Guido Mista
90%
Hierophant Green Noriaki Kakyoin
89%
King Crimson Diavolo/Doppio
88%
Stone Free Jolyne Kujo
88%
Magician's Red Muhammad Avdol
88%
Silver Chariot Jean Pierre Polnareff
87%
The Fool Iggy
85%
Echoes Koichi Hirose
85%
Purple Haze Pannacotta Fugo
85%
Tusk Johnny Joestar
84%
Aerosmith Narancia Ghirga
84%
The Hand Okuyasu Nijimura
84%
Spice Girl Trish Una
77%
Sticky Fingers Bruno Bucciarati
71%
Moody Blues Leone Abbacchio
69%
Metallica Risotto Nero
69%
Beach Boy Pesci
58%
Bad Company Keicho Nijimura
56%
Aqua Necklace Anjuro Katagiri
53%
Green Day Cioccolata
52%
Little Feet Formaggio
39%
Harvest Shigekiyo Yangu
36%
No matching quizzes found
Score Distribution
Percent of People with Each Score
Percentile by Number Answered
Your Score History
You have not taken this quiz